El zorro y el cuervo: estudios sobre las fábulas

Saved in:
Bibliographic Details
Main Author: García Gual, Carlos (autor)
Format: Book
Language:Spanish
Published: Madrid Fondo de Cultura Económica 2016
Edition:1a. ed
Subjects:
Tags: Add Tag
No Tags, Be the first to tag this record!

MARC

LEADER 00000cam a2200000 a 4500
001 UCC1572
003 CL-VaPUC
008 171104e20160000sp |||||||||||||||||spa|d
020 |a 9788437507514 
082 0 4 |a 808.8  |b GAR  |2 21 
100 |a García Gual, Carlos  |e autor  |9 595619 
245 1 3 |a El zorro y el cuervo: estudios sobre las fábulas 
250 |a 1a. ed 
300 |a 164 p 
942 |c BK 
945 |d 20171104 20:09:00  |a arojas 
260 |a Madrid  |b Fondo de Cultura Económica  |c 2016 
650 7 |a FABULAS  |2 CL-VaPUC  |9 595620 
650 0 |a Literatura comparada  |9 319086 
650 0 |a Crítica e interpretación literaria  |9 266284 
650 0 |a Formas y géneros literarios  |9 324031 
650 0 |a Literatura infantil   |9 307465 
583 |a last modification  |c 20171104 20:09:00  |k Rodrigo Vera 
999 |c 369998  |d 369996 
952 |0 0  |1 0  |3 erb  |4 0  |6 808_800000000000000_GAR_2016  |7 0  |8 A  |9 486240  |a BIBHIS  |b BIBHIS  |i 5433991  |o 808.8 GAR 2016  |p 5433991  |r 2025-01-20  |w 2019-11-24  |y BK  |z Catalogado en:20171104  |k HIS 
952 |0 0  |1 0  |3 erb  |4 0  |6 808_800000000000000_GAR_2016  |7 0  |8 A  |9 486241  |a BIBHIS  |b BIBHIS  |i 5464617  |o 808.8 GAR 2016  |p 5464617  |r 2025-01-20  |w 2019-11-24  |y BK  |z Catalogado en:20180413  |k HIS 
952 |0 0  |1 0  |3 erb  |4 0  |6 808_800000000000000_GAR_2016  |7 0  |8 A  |9 486242  |a BIBHIS  |b BIBHIS  |i 5473845  |o 808.8 GAR 2016  |p 5473845  |r 2025-01-20  |w 2019-11-24  |y BK  |z Catalogado en:20180531  |k HIS